[Event "Brno Duras BVK op-A"]
[Site "Brno"]
[Date "2006.??.??"]
[Round "3"]
[White "Kuchynka, Lukas"]
[Black "Kopkan, Pavel"]
[Result "1-0"]
[WhiteElo "2130"]
[BlackElo "1905"]
[PlyCount "81"]
[EventDate "2006.07.??"]
[EventType "swiss"]
[EventRounds "9"]
[EventCountry "CZE"]
[SourceTitle "EXT 2008"]
[Source "ChessBase"]
[SourceDate "2007.11.25"]
[SourceVersion "1"]
[SourceVersionDate "2007.11.25"]
[SourceQuality "1"]

1. e4 d5 2. exd5 Nf6 3. Bb5+ Bd7 4. Be2 Nxd5 5. d4 c5 6. c4 Nf6 7. d5 e5 8. dxe6 Bxe6 9. Qxd8+ Kxd8 10. Bg5 Nbd7 11. Nc3 h6 12. Bh4 g5 13. Bg3 Ne8 14. h4 Bg7 15. hxg5 hxg5 16. Rxh8 Bxh8 17. Ne4 Bf5 18. Bd3 Bxb2 19. Rb1 Be5 20. Rxb7 Bxg3 21. fxg3 Ne5 22. Bb1 Nxc4 23. Nxg5 Bxb1 24. Nxf7+ Kc8 25. Rxb1 Nb6 26. Nf3 Kd7 27. Rc1 Rc8 28. Ke2 Ke6 29. N7e5 Nd6 30. g4 Nd5 31. Nd3 c4 32. Nb2 Nf4+ 33. Ke3 Nxg2+ 34. Kd4 c3 35. Nd1 Rc4+ 36. Kd3 Nf4+ 37. Kc2 Ne2 38. Rb1 Rf4 39. Ne1 Nc4 40. Kd3 Na3 41. Rb8 1-0

[Event "Brno Trade op-A"]
[Site "Brno"]
[Date "2005.09.02"]
[Round "6"]
[White "Kopkan, Pavel"]
[Black "Nemec, Miloslav"]
[Result "0-1"]
[WhiteElo "2026"]
[BlackElo "2075"]
[PlyCount "62"]
[EventDate "2005.08.28"]
[EventType "swiss"]
[EventRounds "9"]
[EventCountry "CZE"]
[SourceTitle "CBM 108 Extra"]
[Source "ChessBase"]
[SourceDate "2005.11.04"]
[SourceVersion "1"]
[SourceVersionDate "2005.11.04"]
[SourceQuality "1"]

1. e4 c5 2. b4 cxb4 3. a3 Nf6 4. e5 Nd5 5. d4 d6 6. f4 g6 7. Bd2 Nc6 8. Nf3 Bg7 9. axb4 Bf5 10. Bb5 0-0 11. Bxc6 bxc6 12. 0-0 Qb6 13. Ra4 Rfc8 14. c4 Nc7 15. Kh1 Bd3 16. c5 dxc5 17. dxc5 Qb5 18. Nc3 Qb7 19. Nd4 Bxf1 20. Qxf1 Rd8 21. Qc4 Nd5 22. Ne4 a5 23. Nxc6 Qxc6 24. b5 Qd7 25. c6 Qg4 26. h3 Qd1+ 27. Kh2 Nb6 28. Qc5 Qxa4 29. Qxb6 Rxd2 30. Qe3 Rc2 31. Nc3 Rxc3 0-1

[Event "Brno op"]
[Site "Brno"]
[Date "2005.07.05"]
[Round "4"]
[White "Kopkan, Pavel"]
[Black "Dirgas, Josef"]
[Result "0-1"]
[WhiteElo "2026"]
[BlackElo "2071"]
[PlyCount "82"]
[EventDate "2005.07.02"]
[EventType "swiss"]
[EventRounds "7"]
[EventCountry "CZE"]
[SourceTitle "EXT 2006"]
[Source "ChessBase"]
[SourceDate "2005.11.24"]
[SourceVersion "1"]
[SourceVersionDate "2005.11.24"]
[SourceQuality "1"]

1. e4 e5 2. d4 exd4 3. c3 dxc3 4. Bc4 Nf6 5. e5 d5 6. exf6 dxc4 7. Qxd8+ Kxd8 8. Bg5 g6 9. Nxc3 Be6 10. Nf3 h6 11. 0-0-0+ Kc8 12. Bf4 Bc5 13. Nd5 Na6 14. Ne7+ Bxe7 15. fxe7 Re8 16. Bxh6 Rxe7 17. Ng5 b5 18. Bf8 Re8 19. Nxe6 Rxe6 20. h4 Kb7 21. Bh6 Nb4 22. Rd7 Nd3+ 23. Kb1 f5 24. Be3 Rae8 25. Rf7 Ne5 26. Rg7 Ng4 27. Bf4 Nxf2 28. Rf1 Nd3 29. Bxc7 Kc6 30. Ba5 R8e7 31. Rg8 f4 32. b3 Rh7 33. bxc4 bxc4 34. Bd8 Rb7+ 35. Ka1 Rb8 36. Rh8 c3 37. Bf6 Rxh8 38. Bxh8 c2 39. Bb2 Re8 40. g3 Rb8 41. Bc1 Rb1# 0-1

[Event "Brno Dedek Memorial-A"]
[Site "Brno"]
[Date "2005.??.??"]
[Round "4"]
[White "Cesek, Liboslav"]
[Black "Kopkan, Pavel"]
[Result "0-1"]
[WhiteElo "1770"]
[BlackElo "2055"]
[PlyCount "54"]
[EventDate "2005.??.??"]
[EventType "tourn"]
[EventRounds "11"]
[EventCountry "CZE"]
[SourceTitle "EXT 2007"]
[Source "ChessBase"]
[SourceDate "2006.11.23"]
[SourceVersion "1"]
[SourceVersionDate "2006.11.23"]
[SourceQuality "1"]

1. e4 d5 2. exd5 Nf6 3. Nf3 Bg4 4. Be2 Nxd5 5. d4 g6 6. h3 Bxf3 7. Bxf3 Nc6 8. 0-0 Bg7 9. Nc3 Nb6 10. Bxc6+ bxc6 11. Qf3 Qd7 12. Ne2 0-0 13. Be3 Nc4 14. Rab1 Rab8 15. b3 Nxe3 16. Qxe3 Qf5 17. Rbc1 Rfd8 18. Qxe7 Re8 19. Qxc7 Rbc8 20. Qxa7 Rxe2 21. Qa6 Rce8 22. c3 c5 23. dxc5 Qxc5 24. b4 Qd5 25. Qa4 Ra8 26. Rfd1 Re1+ 27. Kh2 Be5+ 0-1

[Event "Brno Dedek Memorial-A"]
[Site "Brno"]
[Date "2005.??.??"]
[Round "11"]
[White "Kopkan, Pavel"]
[Black "Malis, Jiri"]
[Result "0-1"]
[WhiteElo "2055"]
[BlackElo "2210"]
[PlyCount "76"]
[EventDate "2005.??.??"]
[EventType "tourn"]
[EventRounds "11"]
[EventCountry "CZE"]
[SourceTitle "EXT 2007"]
[Source "ChessBase"]
[SourceDate "2006.11.23"]
[SourceVersion "1"]
[SourceVersionDate "2006.11.23"]
[SourceQuality "1"]

1. e4 g6 2. f4 c6 3. Nf3 d5 4. Nc3 Bg7 5. e5 h5 6. Be2 Nh6 7. d4 Nf5 8. b3 b5 9. a4 b4 10. Na2 a5 11. Qd2 Ba6 12. c3 Bxe2 13. Kxe2 bxc3 14. Qxc3 0-0 15. b4 e6 16. Bd2 axb4 17. Nxb4 Qb6 18. Rhb1 Rc8 19. Kf2 Qa7 20. Nd3 Nd7 21. Nc5 Bf8 22. Nxd7 Qxd7 23. a5 c5 24. Qb2 Nxd4 25. Nxd4 cxd4 26. Qb7 Qd8 27. a6 Qh4+ 28. Kf3 Qg4+ 29. Kf2 d3 30. Kg1 Rc2 31. Rb2 Bc5+ 32. Kh1 Rxb2 33. Qxb2 Rxa6 34. Qb8+ Kg7 35. Rc1 Rc6 36. h3 Qe2 37. Qd8 Qxd2 38. Rb1 Bf8 0-1

[Event "Brno Dedek Memorial-A"]
[Site "Brno"]
[Date "2005.??.??"]
[Round "5"]
[White "Kopkan, Pavel"]
[Black "Sipek, Michal"]
[Result "0-1"]
[WhiteElo "2055"]
[BlackElo "1880"]
[PlyCount "36"]
[EventDate "2005.??.??"]
[EventType "tourn"]
[EventRounds "11"]
[EventCountry "CZE"]
[SourceTitle "EXT 2007"]
[Source "ChessBase"]
[SourceDate "2006.11.23"]
[SourceVersion "1"]
[SourceVersionDate "2006.11.23"]
[SourceQuality "1"]

1. e4 g6 2. f4 Bg7 3. Nf3 c5 4. Bc4 Qc7 5. 0-0 a6 6. c3 b5 7. Bd5 Nc6 8. e5 e6 9. Be4 f5 10. exf6 Nxf6 11. Bxc6 Qxc6 12. d4 Bb7 13. Be3 Ng4 14. Bf2 0-0 15. dxc5 Rxf4 16. Nbd2 Raf8 17. Nb3 Rxf3 18. gxf3 Rxf3 0-1

[Event "Pardubice op-E"]
[Site "Pardubice"]
[Date "2005.??.??"]
[Round "1"]
[White "Kopkan, Pavel"]
[Black "Zolotukhin, Valery"]
[Result "0-1"]
[WhiteElo "1991"]
[BlackElo "2242"]
[PlyCount "20"]
[EventDate "2005.07.??"]
[EventType "swiss"]
[EventRounds "7"]
[EventCountry "CZE"]
[SourceTitle "EXT 2006"]
[Source "ChessBase"]
[SourceDate "2005.11.24"]
[SourceVersion "1"]
[SourceVersionDate "2005.11.24"]
[SourceQuality "1"]

1. e4 Nc6 2. f4 d5 3. e5 Bf5 4. Bb5 e6 5. Nf3 Nge7 6. Nc3 d4 7. Ne2 d3 8. Ned4 dxc2 9. Qe2 Qd5 10. Bc4 Nxd4 0-1

[Event "Brno Trade op"]
[Site "Brno"]
[Date "2004.09.04"]
[Round "8"]
[White "Kopkan, Pavel"]
[Black "Ondrejat, Miroslav"]
[Result "0-1"]
[WhiteElo "2057"]
[BlackElo "2072"]
[PlyCount "64"]
[EventDate "2004.08.??"]
[EventType "swiss"]
[EventRounds "9"]
[EventCountry "CZE"]
[SourceTitle "CBM 103 Extra"]
[Source "ChessBase"]
[SourceDate "2005.01.01"]
[SourceVersion "1"]
[SourceVersionDate "2005.01.01"]
[SourceQuality "1"]

1. e4 c5 2. c3 e6 3. d4 d5 4. exd5 Qxd5 5. Nf3 Nc6 6. Be3 cxd4 7. Bxd4 Nf6 8. Nbd2 Be7 9. Bc4 Qh5 10. Bxf6 Bxf6 11. Ne4 0-0 12. 0-0 Be7 13. b4 Rd8 14. Qb3 Bd7 15. Rfe1 Be8 16. Ng3 Qg6 17. Re4 Rac8 18. Rae1 Bf6 19. h4 h5 20. a4 a6 21. R1e3 Ne7 22. Ne2 Bc6 23. Ne5 Bxe5 24. f3 Bxe4 25. Rxe4 Bf6 26. Nf4 Qh6 27. Bxe6 fxe6 28. Nxe6 Kh8 29. f4 Qg6 30. Rd4 Rxd4 31. cxd4 Rc1+ 32. Kh2 Qg4 0-1

[Event "Brno Petria-B"]
[Site "Brno"]
[Date "2004.03.11"]
[Round "2"]
[White "Kopkan, Pavel"]
[Black "Fuchs, Alois"]
[Result "1-0"]
[WhiteElo "1889"]
[BlackElo "1589"]
[PlyCount "117"]
[EventDate "2004.02.24"]
[EventType "tourn"]
[EventRounds "9"]
[EventCountry "CZE"]
[SourceTitle "EXT 2006"]
[Source "ChessBase"]
[SourceDate "2005.11.24"]
[SourceVersion "1"]
[SourceVersionDate "2005.11.24"]
[SourceQuality "1"]

1. e4 d6 2. f4 c5 3. Nf3 Nc6 4. c3 Nf6 5. e5 dxe5 6. fxe5 Ng4 7. d4 cxd4 8. cxd4 e6 9. h3 Bb4+ 10. Nc3 Nh6 11. Bxh6 gxh6 12. Bb5 Bd7 13. 0-0 a6 14. Bxc6 Bxc6 15. a3 Bxc3 16. bxc3 Bd5 17. Qd2 Bxf3 18. Rxf3 Qg5 19. Qf2 Rg8 20. Rf1 f5 21. exf6 Kf7 22. d5 Qxd5 23. Rg3 Qd8 24. Rg7+ Rxg7 25. fxg7+ Kxg7 26. Qf7+ Kh8 27. Qxb7 Qg8 28. Rf7 Rd8 29. Qe7 Rd1+ 30. Kh2 Qb8+ 31. Qc7 Qxc7+ 32. Rxc7 Ra1 33. Kg3 Rxa3 34. Kf4 Ra5 35. c4 Rf5+ 36. Ke4 Kg8 37. g4 Rf7 38. Rc6 Ra7 39. Rxe6 a5 40. Kd5 a4 41. Re2 Kf7 42. Kc5 a3 43. Ra2 Ke6 44. Kb4 Rb7+ 45. Kxa3 Kd6 46. Rb2 Re7 47. Kb4 Re3 48. Rb3 Re5 49. Rd3+ Kc6 50. Rf3 Re6 51. Rf5 Kd7 52. Rf7+ Re7 53. Rxe7+ Kxe7 54. c5 Kd7 55. Kb5 Kc7 56. c6 Kc8 57. Kb6 Kb8 58. h4 h5 59. g5 1-0

[Event "Brno Dedek Memorial-B"]
[Site "Brno"]
[Date "2004.02.05"]
[Round "9"]
[White "Komprda, Pavel"]
[Black "Kopkan, Pavel"]
[Result "1-0"]
[WhiteElo "2037"]
[BlackElo "1889"]
[PlyCount "41"]
[EventDate "2004.01.06"]
[EventType "tourn"]
[EventRounds "9"]
[EventCountry "CZE"]
[SourceTitle "EXT 2006"]
[Source "ChessBase"]
[SourceDate "2005.11.24"]
[SourceVersion "1"]
[SourceVersionDate "2005.11.24"]
[SourceQuality "1"]

1. e4 d5 2. exd5 Nf6 3. Bb5+ Bd7 4. Bc4 b5 5. Bb3 a5 6. a3 Bg4 7. f3 Bc8 8. Nc3 Ba6 9. d3 Nbd7 10. Bg5 Nc5 11. Ba2 b4 12. Bxf6 exf6 13. Ne4 b3 14. Nxc5 bxa2 15. Nxa6 Rxa6 16. c4 c6 17. Qa4 Bc5 18. b4 Qb6 19. bxc5 Qb1+ 20. Qd1 Qb2 21. Qe2+ 1-0

[Event "Brno Dedek Memorial-B"]
[Site "Brno"]
[Date "2004.01.06"]
[Round "1"]
[White "Kopkan, Pavel"]
[Black "Kolek, Josef"]
[Result "0-1"]
[WhiteElo "1889"]
[BlackElo "1799"]
[PlyCount "64"]
[EventDate "2004.01.06"]
[EventType "tourn"]
[EventRounds "9"]
[EventCountry "CZE"]
[SourceTitle "EXT 2006"]
[Source "ChessBase"]
[SourceDate "2005.11.24"]
[SourceVersion "1"]
[SourceVersionDate "2005.11.24"]
[SourceQuality "1"]

1. e4 d6 2. f4 g6 3. Nf3 Bg7 4. Bc4 Nf6 5. e5 dxe5 6. fxe5 Ng4 7. e6 f5 8. d4 0-0 9. h3 Nh6 10. Bf4 Nc6 11. d5 Na5 12. Na3 Nxc4 13. Nxc4 c6 14. Nce5 Qxd5 15. Qc1 Ng4 16. hxg4 fxg4 17. Rxh7 Qe4+ 18. Be3 gxf3 19. Nxf3 Bxe6 20. Qd2 Rad8 21. Rxg7+ Kxg7 22. Qc3+ Kg8 23. Kf2 Bd5 24. Rh1 Rxf3+ 25. Ke2 Rxe3+ 26. Qxe3 Bc4+ 27. Kf2 Rf8+ 28. Qf3 Qe2+ 29. Kg1 Rxf3 30. gxf3 Qxf3 31. Kh2 Qf2+ 32. Kh3 Be6# 0-1

[Event "Olexa Memorial op-A"]
[Site "Brno"]
[Date "2004.??.??"]
[Round "4"]
[White "Kopkan, Pavel"]
[Black "Molnar, Jiri"]
[Result "1-0"]
[WhiteElo "2057"]
[BlackElo "1902"]
[PlyCount "75"]
[EventDate "2004.12.??"]
[EventType "swiss"]
[EventRounds "7"]
[EventCountry "CZE"]
[SourceTitle "EXT 2007"]
[Source "ChessBase"]
[SourceDate "2006.11.23"]
[SourceVersion "1"]
[SourceVersionDate "2006.11.23"]
[SourceQuality "1"]

1. e4 e6 2. c4 d5 3. cxd5 exd5 4. exd5 Qxd5 5. Nc3 Qd8 6. Nf3 Nf6 7. Bc4 Bd6 8. 0-0 0-0 9. d4 h6 10. Ne5 Nbd7 11. Ng6 Nb6 12. Nxf8 Nxc4 13. Ng6 fxg6 14. Qb3 b5 15. Nxb5 Be6 16. Nxd6 cxd6 17. Re1 Bd5 18. Qg3 Kh7 19. b3 Nh5 20. Qh3 Qa5 21. Re2 Nb6 22. g4 Nf6 23. g5 Nh5 24. gxh6 Rf8 25. hxg7 Kxg7 26. Bd2 Qb5 27. Re7+ Rf7 28. Rae1 Nc8 29. Qxc8 Bb7 30. Bh6+ Kxh6 31. Qh8+ Kg5 32. Rxf7 Qd5 33. Qd8+ Kh6 34. Rxb7 Qxb7 35. Re8 Qf7 36. h4 Qf5 37. Qg5+ Kg7 38. Qe7+ 1-0

[Event "Olexa Memorial op-A"]
[Site "Brno"]
[Date "2004.??.??"]
[Round "7"]
[White "Kopkan, Pavel"]
[Black "Spodny, Josef"]
[Result "0-1"]
[WhiteElo "2057"]
[BlackElo "2150"]
[PlyCount "44"]
[EventDate "2004.12.??"]
[EventType "swiss"]
[EventRounds "7"]
[EventCountry "CZE"]
[SourceTitle "EXT 2007"]
[Source "ChessBase"]
[SourceDate "2006.11.23"]
[SourceVersion "1"]
[SourceVersionDate "2006.11.23"]
[SourceQuality "1"]

1. e4 e5 2. Nf3 Nc6 3. Bb5 a6 4. Ba4 d6 5. c3 f5 6. exf5 Bxf5 7. d4 e4 8. d5 exf3 9. dxc6 b5 10. Bb3 fxg2 11. Rg1 Qh4 12. Qd5 Qe4+ 13. Be3 Qxd5 14. Bxd5 Nf6 15. Bxg2 Be7 16. Nd2 Ng4 17. Bd4 Bf6 18. Ne4 Bxd4 19. cxd4 0-0 20. h3 Rae8 21. Kf1 Nh2+ 22. Ke2 Bxe4 0-1

[Event "Brno Gargulak Memorial-A"]
[Site "Brno"]
[Date "2004.??.??"]
[Round "7"]
[White "Makovetskyi, Maksym"]
[Black "Kopkan, Pavel"]
[Result "1-0"]
[WhiteElo "2050"]
[BlackElo "2055"]
[PlyCount "87"]
[EventDate "2004.??.??"]
[EventType "tourn"]
[EventRounds "11"]
[EventCountry "CZE"]
[SourceTitle "EXT 2007"]
[Source "ChessBase"]
[SourceDate "2006.11.23"]
[SourceVersion "1"]
[SourceVersionDate "2006.11.23"]
[SourceQuality "1"]

1. d4 Nf6 2. c4 c5 3. d5 b5 4. Nf3 e6 5. dxe6 fxe6 6. cxb5 Bb7 7. e3 d5 8. Be2 Bd6 9. b3 0-0 10. Bb2 Nbd7 11. 0-0 Qc7 12. h3 e5 13. Nc3 e4 14. Ne1 Ne5 15. Rc1 Qe7 16. Na4 Rac8 17. Qd2 Nfd7 18. Nc3 d4 19. exd4 cxd4 20. Qxd4 Nf3+ 21. Nxf3 exf3 22. Bc4+ Kh8 23. g3 Bc5 24. Qh4 Nf6 25. Na4 Ba3 26. Rce1 Qb4 27. Bc3 Qd6 28. Re6 Qd7 29. Rxf6 gxf6 30. Bxf6+ Rxf6 31. Qxf6+ Qg7 32. Qxg7+ Kxg7 33. Rd1 Kf6 34. Rd7 Be4 35. Rxa7 Rd8 36. Nc3 Bb4 37. Nxe4+ Kf5 38. Ra4 Rd1+ 39. Bf1 Be1 40. h4 h6 41. Rc4 Ra1 42. b6 Kg4 43. b7 Bxf2+ 44. Nxf2+ 1-0

[Event "Brno Gargulak Memorial-A"]
[Site "Brno"]
[Date "2004.??.??"]
[Round "3"]
[White "Zikan, Karel"]
[Black "Kopkan, Pavel"]
[Result "1-0"]
[WhiteElo "1880"]
[BlackElo "2055"]
[PlyCount "65"]
[EventDate "2004.??.??"]
[EventType "tourn"]
[EventRounds "11"]
[EventCountry "CZE"]
[SourceTitle "EXT 2007"]
[Source "ChessBase"]
[SourceDate "2006.11.23"]
[SourceVersion "1"]
[SourceVersionDate "2006.11.23"]
[SourceQuality "1"]

1. d4 Nf6 2. c4 c5 3. d5 b5 4. e3 bxc4 5. Bxc4 e6 6. Nc3 exd5 7. Nxd5 Nc6 8. Ne2 Ne5 9. Nxf6+ Qxf6 10. Bd5 Rb8 11. 0-0 Ba6 12. Qc2 Bd3 13. Qd2 c4 14. Rd1 Bb4 15. Nc3 0-0 16. a3 Ba5 17. f4 Rfe8 18. fxe5 Rxe5 19. Bf3 Rb3 20. Qf2 Rf5 21. Ne2 Bc2 22. Rxd7 Rd3 23. Rxd3 Bxd3 24. Nd4 Rc5 25. Bd2 Bb6 26. Bc3 Qh6 27. Rd1 f5 28. b3 f4 29. exf4 cxb3 30. Rxd3 Qd6 31. Qe1 g5 32. Qe8+ Kg7 33. Nf5# 1-0